| Tag |
First Indicator |
Second Indicator |
Subfields |
| LEADER |
00000ccm a2200000Ma 4500 |
| 001 |
in00002401708 |
| 005 |
20151109085643.0 |
| 008 |
930428s1911 nyurpa n eng d |
| 028 |
2 |
2 |
|a 22768
|b G. Schirmer
|
| 035 |
|
|
|a (OCoLC)ocn150437957
|
| 035 |
|
|
|a (OCoLC)150437957
|
| 040 |
|
|
|a UAU
|c UAU
|d TXA
|d UtOrBLW
|
| 049 |
|
|
|a TXAM
|
| 090 |
|
|
|a M22.B73
|b R43 1911
|
| 100 |
1 |
|
|a Brahms, Johannes,
|d 1833-1897.
|
| 240 |
1 |
0 |
|a Rhapsodies,
|m piano,
|n op. 79.
|n No. 2
|
| 245 |
1 |
0 |
|a Two rhapsodies for piano, op. 79, no. 2 in G minor /
|c Johannes Brahms ; fingered and edited by Heinrich Gebhard.
|
| 246 |
1 |
6 |
|a Rhapsody 2
|
| 264 |
|
1 |
|a New York :
|b G. Schirmer,
|c 1911.
|
| 300 |
|
|
|a 9 pages of music ;
|c 33 cm.
|
| 336 |
|
|
|a notated music
|b ntm
|2 rdacontent
|
| 337 |
|
|
|a unmediated
|b n
|2 rdamedia
|
| 338 |
|
|
|a volume
|b nc
|2 rdacarrier
|
| 500 |
|
|
|a Title from cover.
|
| 500 |
|
|
|a "Concert and exhibition pieces"--cover.
|
| 650 |
|
0 |
|a Piano music.
|
| 700 |
1 |
|
|a Gebhard, Heinrich.
|
| 948 |
|
|
|a cataloged
|b h
|c 2008/7/29
|d c
|e bhartsfi
|f 12:57:42 pm
|
| 994 |
|
|
|a C0
|b TXA
|
| 999 |
|
|
|a MARS
|
| 999 |
f |
f |
|s 4017085b-6aff-32c5-bcf9-d732216ca358
|i 4cb6877e-fdf2-38a4-84ba-62fa93b7bf64
|t 0
|
| 952 |
f |
f |
|p ric
|a Texas A&M University
|b Rellis Campus
|c Joint Library Facility
|d Remote Storage
|t 0
|e M22.B73 R43 1911
|h Library of Congress classification
|i unmediated -- volume
|m A14837318423
|
| 998 |
f |
f |
|a M22.B73 R43 1911
|t 0
|l Remote Storage
|